Vliv tuhých přísad na farmaceutickou dostupnost nitrofurantoinu ze silikonových matric

Bibliographic Details
Main Author: Řehula, Milan, 1950-2014 (Author)
Format: Article
Language:Czech
PhysicalDescription:Obr. 1. Res. angl., nem., rus., lit. 10 zázn. v češ., angl.
Subjects:

MARC

LEADER 00000nab a2200000 a 4500
001 vtls000422167
003 SK-MaSNL
005 20260303195108.0
008 230120c1991 xo 0 cze
015 |a SNBRB19rr/mm-uuuuu 
035 |a CL0422295 
035 |a urn:nbn:sk:snk-ab1phl 
035 |a (urnnbn)urn:nbn:sk:snk:ar-004uo3 
035 |a (uuid)09614c12-6caf-4904-a7e3-7009091a1def 
040 |a SNKBUCL  |b slo  |c SNKBUCL  |e AACR2 
041 0 |a cze 
044 |a xo  |c SK 
080 |a 615.011/.012  |2 1981 
100 1 |a Řehula, Milan,  |d 1950-2014  |4 aut  |9 232631 
245 1 0 |a Vliv tuhých přísad na farmaceutickou dostupnost nitrofurantoinu ze silikonových matric  |c M. Řehula 
300 |b Obr. 1. Res. angl., nem., rus., lit. 10 zázn. v češ., angl. 
650 0 7 |a matrice silikónové (farm.)  |2 snkbucl  |9 1227962 
650 0 7 |a nitrofurantoín  |2 snkbucl  |9 1227963 
650 0 7 |a prísady tuhé (farm.)  |2 snkbucl  |9 1227964 
655 7 |a články z novín a časopisov  |2 snkbucl  |9 267496 
773 0 |t Farmaceutický obzor  |g Roč. 60, č. 5 (1991), s. 215-219 
850 |a Slovenská národná knižnica v Martine  |a MTA001 
852 |a SNK  |b KIS3GCP 
954 |a odborná, vedecká literatúra cudzojazyčná (svetová)  |2 lita 
954 |a odborná, vedecká literatúra pôvodná (slovenská)  |2 lita 
958 |a OND 
958 |a NB 
958 |a RK 
958 |a ME 
958 |a EUIPO 
958 |a article27 
992 |a RBX 
999 |c 2160813  |d 2162743